Logotipos de empresas fusionados #1 - Estadísticas

Estadísticas generales
  • Esta prueba ha sido intentada 63 veces
  • La puntuación promedio es 27 de 32
Estadísticas de respuestas
Hint Sector Respuesta % Correcto
Tecnológico 🇺🇸 Amazon
100%
Tecnológico 🇺🇸 Apple
100%
Tecnológico 🇺🇸 Google
100%
Deporte 🇺🇸 Nike
100%
Deporte 🇩🇪 Adidas
98%
Bebida 🇺🇸 Pepsi
98%
Juegos 🇺🇸 X-Box
98%
Automotor 🇩🇪 BMW
96%
Comida 🇺🇸 McDonald's
96%
Música 🇸🇪 Spotify
96%
Automotor 🇯🇵 Toyota
96%
Video 🇺🇸 Youtube
96%
Comida 🇨🇭 Nestlé
95%
Bebida 🇺🇸 Starbucks
95%
Automotor 🇩🇪 Mercedes-Benz
93%
Automotor 🇯🇵 Honda
91%
Moda 🇫🇷 Lacoste
91%
Finanzas 🇺🇸 Mastercard
91%
Tecnológico 🇺🇸 Microsoft
91%
Moda 🇫🇷 Chanel
89%
Energía 🇳🇱 🇬🇧 Shell
86%
Automotor 🇺🇸 Tesla
86%
Telecomunicación 🇺🇸 Motorola
84%
Moda 🇨🇭 Rolex
84%
Bebida 🇺🇸 Coca-Cola
79%
Envíos 🇺🇸 UPS
73%
Telecomunicación 🇬🇧 Vodafone
71%
Automotor 🇯🇵 Mitsubishi
68%
Tecnológico 🇨🇳 Huawei
64%
Automotor 🇸🇪 Volvo
48%
Consumidora 🇬🇧 Unilever
38%
Aeroespacial 🇺🇸 Boeing
5%
No se encontraron pruebas coincidentes
Distribución de puntuación
Porcentaje de gente con cada puntuación
Porcentaje por número respondido
Historial de tus puntuaciones
No has intentado esta prueba.